| 000 | 00762pam a2200253 i 4500 | ||
|---|---|---|---|
| 001 | 4125448 | ||
| 003 | SISC | ||
| 005 | 20160204134132.0 | ||
| 008 | 760716s1976 caua b 001 0 eng | ||
| 010 | _a 76025543 | ||
| 020 | _a0099204401 | ||
| 040 |
_aDLC _cDLC _dDLC |
||
| 050 | 0 | 0 |
_aRC 49 _b.W48 1979 |
| 082 | 0 | 0 |
_aHS 615.851 _b.W69to 1979 |
| 100 | 1 |
_aWilson, Donald L., _d1937- _912401 |
|
| 245 | 1 | 0 |
_aTotal mind power : _bhow to use the other 90% of your mind / _cDonald L. Wilson ; ill. by Vern Scharf. |
| 260 |
_aLondon : _bArrow Books, _cc1979. |
||
| 300 |
_a254 p. : _bill. ; _c18 cm. |
||
| 500 | _aIncludes index. | ||
| 650 | 0 |
_aMental healing _912402 |
|
| 906 |
_a7 _bcbc _corignew _d1 _eocip _f19 _gy-gencatlg |
||
| 942 |
_2lcc _cBK |
||
| 999 |
_c9093 _d9093 |
||